00820nam a2200193 a 4500008004100000020002200041110008400063245024100147260003600388300002900424504004100453650003800494650002900532700001700561700002100578003000100599005001700600040000900617  a0854034455(pbk.) 2 aRoyal Society (Great Britain).bDiscussion Meetingd(1991 :cLondon, England?).10aMolecules through time :bfossil molecules and biochemical systematics : proceedings of a Royal Society Discussion Meeting on biomolecular palaeontology held on 20 and 21 March 1991 /corganized and edited by G. Eglinton and G.B. Curry. aLondon :bRoyal Society,c1991. a433 p. :bill. ;c30 cm. aIncludes bibliographical references. 0aBiomolecules, FossilvCongresses. 0aDNA, FossilvCongresses.1 aEglinton, G.1 aCurry, Gordon B.20230123134029.0 cNUST